000 00624cam a22002173a 4500
001 39630
003 PGUSA
005 20140828083859.0
008 120505s2012||||xxu|||||s|||||000 | eng d
040 _aPGUSA
_beng
042 _adc
100 1 _aLamon, Ward Hill
245 1 0 _aRecollections of Abraham Lincoln 1847-1865
_h[electronic resource] /
_cWard Hill Lamon
260 _bProject Gutenberg,
_c2012
506 _aPublic domain in the USA.
516 _aElectronic text
700 1 _aTeillard, Dorothy Lamon
830 0 _aProject Gutenberg
_v39630
856 4 0 _uhttp://www.gutenberg.org/ebooks/39630
942 _cEB
999 _c268883
_d268883